[Event "C.to Italiano U16"]
[Site "Montesilvano ITA"]
[Date "2015.07.01"]
[Round "4"]
[White "Barp, Alberto"]
[Black "Bernardini, Tommaso"]
[WhiteElo "2180"]
[BlackElo "1964"]
[Result "1-0"]
[PlyCount "65"]
[EventDate "2015.06.29"]

1. d4 Nf6 2. Bg5 Ne4 3. Bf4 c5 4. f3 Nf6 5. d5 Qb6 6. Nc3 g6 7. e4 d6 8. Rb1
Bg7 9. Nge2 Nfd7 10. Ng3 Ne5 11. Be2 a6 12. Be3 h5 13. O-O Qc7 14. a4 b6 15. h3
Ned7 16. f4 Nf6 17. Bd3 Nbd7 18. Qe2 Bb7 19. Rbd1 O-O 20. Qf3 Rab8 21. b3 Bc8
22. Qe2 Ra8 23. e5 Ne8 24. Nce4 dxe5 25. f5 Nb8 26. fxg6 fxg6 27. Rxf8+ Kxf8
28. Qf3+ Kg8 29. Rf1 Nf6 30. d6 Qd8 31. Nxf6+ exf6 32. Qxa8 Be6 33. Bxg6 1-0

[Event "C.to Italiano U16"]
[Site "Montesilvano ITA"]
[Date "2015.07.01"]
[Round "4"]
[White "Favilli, Edoardo"]
[Black "Varriale, Luca"]
[WhiteElo "1966"]
[BlackElo "2164"]
[Result "0-1"]
[PlyCount "74"]
[EventDate "2015.06.29"]

1. e4 c6 2. d4 d5 3. e5 c5 4. dxc5 Nc6 5. Bb5 e6 6. Be3 Nge7 7. c3 Bd7 8. Bxc6
Nxc6 9. Nf3 Qc7 10. Bd4 Nxd4 11. cxd4 b6 12. cxb6 Qxb6 13. O-O Qxb2 14. Nbd2
Be7 15. Qc1 Qxc1 16. Rfxc1 Rc8 17. Rxc8+ Bxc8 18. Rc1 Kd7 19. Nb3 Ba6 20. Nc5+
Bxc5 21. Rxc5 Rb8 22. h3 Bd3 23. Rc3 Rb1+ 24. Kh2 Rd1 25. Kg3 f6 26. Kf4 Bc4
27. Ke3 Kc6 28. Nd2 Re1+ 29. Kf3 Kb5 30. Rc2 fxe5 31. dxe5 Rxe5 32. Rb2+ Kc6
33. Rc2 Kc5 34. Kf4 Rf5+ 35. Ke3 e5 36. Nf3 Rf4 37. g3 d4+ 0-1

[Event "C.to Italiano U16"]
[Site "Montesilvano ITA"]
[Date "2015.07.01"]
[Round "4"]
[White "Lodici, Lorenzo"]
[Black "Podetti, Davide"]
[WhiteElo "2324"]
[BlackElo "2127"]
[Result "1-0"]
[PlyCount "21"]
[EventDate "2015.06.29"]

1. d4 Nf6 2. c4 e6 3. Nc3 Bb4 4. Bg5 d6 5. Qa4+ Nc6 6. d5 Bxc3+ 7. bxc3 exd5 8.
cxd5 h6 9. dxc6 b5 10. Bxf6 Qxf6 11. Qd4 1-0

[Event "C.to Italiano U16"]
[Site "Montesilvano ITA"]
[Date "2015.07.01"]
[Round "4"]
[White "Rotolante, Luca"]
[Black "Yao, Stefano"]
[WhiteElo "1814"]
[BlackElo "2252"]
[Result "0-1"]
[PlyCount "68"]
[EventDate "2015.06.29"]

1. e4 c5 2. Nf3 d6 3. d4 cxd4 4. Nxd4 Nf6 5. Nc3 Nc6 6. Be2 e5 7. Nb3 Be7 8.
O-O O-O 9. f4 a5 10. fxe5 dxe5 11. Qxd8 Rxd8 12. Be3 Nd4 13. Bd3 a4 14. Nd2 a3
15. Nc4 axb2 16. Rab1 Be6 17. Nb6 Ra3 18. Nbd5 Bxd5 19. Nxd5 Nxd5 20. exd5 Nxc2
21. Bxc2 Rxe3 22. Rxb2 Bc5 23. Kh1 b6 24. Bb3 Rd6 25. g3 g6 26. Kg2 f5 27. Rf3
Re1 28. Rf1 Rxf1 29. Kxf1 Kg7 30. Ke2 Kf6 31. Kd3 e4+ 32. Kc4 Ke5 33. Kb5 g5
34. a4 Bd4 0-1

[Event "C.to Italiano U16"]
[Site "Montesilvano ITA"]
[Date "2015.07.01"]
[Round "4"]
[White "Seresin, Francesco"]
[Black "Moroni, Luca"]
[WhiteElo "2102"]
[BlackElo "1821"]
[Result "0-1"]
[PlyCount "82"]
[EventDate "2015.06.29"]

1. d4 d5 2. c4 e6 3. Nc3 a6 4. cxd5 exd5 5. Bf4 c6 6. e3 Bd6 7. Bxd6 Qxd6 8.
Bd3 Ne7 9. Qc2 Bg4 10. Nge2 Bh5 11. Rc1 Bg6 12. O-O Bxd3 13. Qxd3 Nd7 14. Na4
O-O 15. a3 Rfe8 16. b4 b5 17. Nc5 Nb6 18. Ra1 Nc4 19. Qc3 Nf5 20. Ng3 Nxg3 21.
hxg3 h5 22. a4 g5 23. axb5 axb5 24. Rxa8 Rxa8 25. Ra1 Re8 26. Qc2 Qf6 27. Ra6
h4 28. g4 Kg7 29. Qf5 Qxf5 30. gxf5 Rc8 31. Nd7 Rc7 32. Ne5 Kf6 33. Nxc6 Kxf5
34. Na7 Nd2 35. Nxb5 Rc1+ 36. Kh2 f6 37. Nd6+ Kg6 38. Ne8 Ne4 39. b5 g4 40. Rc6
Rb1 41. Rc2 g3+ 0-1

[Event "C.to Italiano U16"]
[Site "Montesilvano ITA"]
[Date "2015.07.02"]
[Round "5"]
[White "Balzan, Marco"]
[Black "Seresin, Francesco"]
[WhiteElo "1928"]
[BlackElo "2102"]
[Result "1/2-1/2"]
[PlyCount "60"]
[EventDate "2015.06.29"]

1. e4 d5 2. exd5 Nf6 3. d4 Nxd5 4. c4 Nb6 5. a4 a5 6. Nc3 e5 7. c5 N6d7 8. dxe5
Bxc5 9. e6 Qe7 10. Be2 Qxe6 11. Nf3 O-O 12. O-O Nf6 13. Qc2 Na6 14. Ng5 Nb4 15.
Nxe6 Nxc2 16. Nxc7 Nxa1 17. Nxa8 Bf5 18. Nc7 Nb3 19. N7b5 Nxc1 20. Rxc1 Rd8 21.
Rd1 Rxd1+ 22. Nxd1 Kf8 23. h3 Ke7 24. Ndc3 Be4 25. Kf1 Bc6 26. Bc4 Ne4 27. Nxe4
Bxe4 28. Nc3 Bc6 29. b3 Bb4 30. Nd5+ Bxd5 1/2-1/2

[Event "C.to Italiano U16"]
[Site "Montesilvano ITA"]
[Date "2015.07.02"]
[Round "5"]
[White "Manfroi, Andrea"]
[Black "Belli, Giorgio"]
[WhiteElo "2014"]
[BlackElo "1914"]
[Result "1/2-1/2"]
[PlyCount "81"]
[EventDate "2015.06.29"]

1. e4 e5 2. Nf3 Nc6 3. Bc4 Bc5 4. c3 Nf6 5. d3 a6 6. Bb3 Ba7 7. O-O d6 8. Nbd2
O-O 9. Bc2 d5 10. Re1 dxe4 11. Nxe4 h6 12. Nxf6+ Qxf6 13. Be3 Bf5 14. Bxa7 Rxa7
15. Re3 Raa8 16. Qe2 Bg4 17. Re1 Qd6 18. h3 Bxf3 19. Qxf3 Rad8 20. Ba4 Qd5 21.
Bxc6 bxc6 22. Qxd5 Rxd5 23. Rxe5 Rxd3 24. R1e2 Rfd8 25. Ra5 Ra8 26. g3 Kf8 27.
Re4 Rd5 28. Re5 Rxe5 29. Rxe5 Rb8 30. Ra5 Rb6 31. b4 Ke7 32. a3 Kd6 33. c4 Kd7
34. f4 Kc8 35. Kf2 Kb7 36. c5 Rb5 37. Rxb5+ axb5 38. Ke3 Kc8 39. Ke4 Kd7 40.
Ke5 Ke7 41. f5 1/2-1/2

[Event "C.to Italiano U16"]
[Site "Montesilvano ITA"]
[Date "2015.07.02"]
[Round "5"]
[White "Moroni, Luca"]
[Black "Barp, Alberto"]
[WhiteElo "1821"]
[BlackElo "2180"]
[Result "1-0"]
[PlyCount "59"]
[EventDate "2015.06.29"]

1. Nf3 d5 2. c4 e6 3. g3 Nf6 4. Bg2 Be7 5. O-O O-O 6. b3 b6 7. Bb2 Bb7 8. e3 c5
9. Qe2 dxc4 10. bxc4 Qc8 11. Nc3 Rd8 12. d3 Nc6 13. Ne1 Na5 14. f4 Bxg2 15.
Nxg2 Ne8 16. f5 exf5 17. Nd5 Bf8 18. Nh4 Nc7 19. Bxg7 Nxd5 20. Bxf8 Kxf8 21.
cxd5 Rxd5 22. Qh5 Qe6 23. Qxh7 Ke7 24. Nxf5+ Kd7 25. d4 Re8 26. Rae1 Qe4 27.
Qxf7+ Kc6 28. dxc5 bxc5 29. Rd1 Qe6 30. Nd4+ 1-0

[Event "C.to Italiano U16"]
[Site "Montesilvano ITA"]
[Date "2015.07.02"]
[Round "5"]
[White "Podetti, Davide"]
[Black "Pedoni, Lorenzo"]
[WhiteElo "2127"]
[BlackElo "1931"]
[Result "1-0"]
[PlyCount "133"]
[EventDate "2015.06.29"]

1. e4 c5 2. Nc3 Nc6 3. g3 g6 4. Bg2 Bg7 5. d3 d6 6. f4 e5 7. Nh3 Nge7 8. O-O
O-O 9. f5 gxf5 10. Qh5 Nd4 11. exf5 Bxf5 12. Rxf5 Nexf5 13. Be4 Qf6 14. Nd5 Qg6
15. Ne7+ Nxe7 16. Bxg6 fxg6 17. Qd1 Rf5 18. c3 Nf3+ 19. Kg2 Raf8 20. Be3 Kh8
21. Qb3 b6 22. a4 g5 23. Qe6 g4 24. Qxe7 gxh3+ 25. Kxh3 Rh5+ 26. Kg4 Rhf5 27.
h4 Nh2+ 28. Kh3 Nf1 29. Rxf1 Rxf1 30. Qxa7 R1f3 31. Bg1 Rxd3 32. Qxb6 Rff3 33.
Bh2 e4 34. Qd8+ Bf8 35. Qe8 d5 36. c4 dxc4 37. Qxe4 Bd6 38. Kg2 Bxg3 39. Bg1
Rf4 40. Qe5+ Kg8 41. Qxc5 Rxh4 42. Be3 Be1 43. Kf1 Rd1 44. Ke2 Ra1 45. Qd5+ Kg7
46. Bd4+ Kg6 47. Qe6+ Kh5 48. Qf5+ Kh6 49. Qe6+ Kh5 50. Qf7+ Kg4 51. Qf3+ Kg5
52. Bf6+ Kg6 53. Bxh4 Bxh4 54. Qe4+ Kg5 55. Qxh7 Rxa4 56. Qe7+ Kh6 57. Qxh4+
Kg6 58. Qe4+ Kg5 59. Qe5+ Kh4 60. Kd2 c3+ 61. Kxc3 Rg4 62. b4 Rg5 63. Qh2+ Kg4
64. Kc4 Kf5 65. b5 Rg4+ 66. Kc5 Kg6 67. b6 1-0

[Event "C.to Italiano U16"]
[Site "Montesilvano ITA"]
[Date "2015.07.02"]
[Round "5"]
[White "Varriale, Luca"]
[Black "Lodici, Lorenzo"]
[WhiteElo "2164"]
[BlackElo "2324"]
[Result "1/2-1/2"]
[PlyCount "62"]
[EventDate "2015.06.29"]

1. d4 f5 2. Nc3 d5 3. Bg5 c6 4. e3 g6 5. h4 Bg7 6. Bd3 Nh6 7. Nf3 Nf7 8. Bf4
Nd7 9. h5 e5 10. hxg6 hxg6 11. Rxh8+ Bxh8 12. dxe5 Ndxe5 13. Nxe5 Bxe5 14. Qf3
Be6 15. Qg3 Qf6 16. Bxe5 Nxe5 17. O-O-O O-O-O 18. Rh1 Bf7 19. Rh7 Rh8 20. Qh3
Rxh7 21. Qxh7 Kd8 22. Qh6 Ke8 23. Ne2 Ng4 24. Qf4 Qe5 25. Kd2 Ke7 26. Nc3 Kd6
27. Be2 a6 28. Qxe5+ Nxe5 29. Nd1 Kc5 30. Kc3 a5 31. a3 Kd6 1/2-1/2

[Event "C.to Italiano U16"]
[Site "Montesilvano ITA"]
[Date "2015.07.02"]
[Round "5"]
[White "Yao, Stefano"]
[Black "Carnicelli, Valerio"]
[WhiteElo "2252"]
[BlackElo "2162"]
[Result "0-1"]
[PlyCount "78"]
[EventDate "2015.06.29"]

1. d4 d5 2. Nf3 e6 3. c4 c6 4. Qc2 Nf6 5. g3 dxc4 6. Qxc4 b5 7. Qc2 Bb7 8. Bg2
Nbd7 9. a4 a6 10. Ne5 Nxe5 11. dxe5 Nd5 12. O-O Be7 13. Nc3 Rc8 14. Rd1 Qc7 15.
Qe4 b4 16. Nxd5 cxd5 17. Qd4 O-O 18. Bd2 a5 19. Rac1 Bc5 20. Qf4 Qb6 21. e3 Rc7
22. h4 Rfc8 23. h5 h6 24. g4 Be7 25. Qd4 Qxd4 26. exd4 Rc2 27. Bf1 Bh4 28. Bb5
Bxf2+ 29. Kxf2 Rxd2+ 30. Rxd2 Rxc1 31. Ke3 Bc6 32. b3 Kf8 33. Bd3 Bb7 34. Rc2
Rxc2 35. Bxc2 Ba6 36. Bd1 Ke7 37. Kf4 f6 38. Bc2 Be2 39. exf6+ Kxf6 0-1

[Event "C.to Italiano U16"]
[Site "Montesilvano ITA"]
[Date "2015.07.03"]
[Round "6"]
[White "Barp, Alberto"]
[Black "Varriale, Luca"]
[WhiteElo "2180"]
[BlackElo "2164"]
[Result "1-0"]
[PlyCount "69"]
[EventDate "2015.06.29"]

1. d4 e6 2. c4 Nf6 3. Nf3 c5 4. d5 b5 5. Bg5 exd5 6. cxd5 d6 7. e4 a6 8. Nbd2
Be7 9. Bf4 O-O 10. a4 b4 11. h3 Nh5 12. Bh2 g6 13. Bd3 Ng7 14. O-O f5 15. e5
dxe5 16. Nxe5 Bb7 17. d6 Bxd6 18. Bc4+ Kh8 19. Ndf3 Bxe5 20. Nxe5 Qf6 21. Re1
h6 22. Rc1 Kh7 23. Qb3 Qg5 24. Bd5 Ra7 25. Rxc5 Bxd5 26. Qxd5 Rd8 27. Nf3 Qf6
28. Qc4 Nd7 29. Rc6 Qxb2 30. Qh4 Re8 31. Ng5+ Kg8 32. Rxe8+ Nxe8 33. Rxg6+ Kf8
34. Qxh6+ Ke7 35. Re6+ 1-0

[Event "C.to Italiano U16"]
[Site "Montesilvano ITA"]
[Date "2015.07.03"]
[Round "6"]
[White "Carnicelli, Valerio"]
[Black "Favilli, Edoardo"]
[WhiteElo "2162"]
[BlackElo "1966"]
[Result "1-0"]
[PlyCount "57"]
[EventDate "2015.06.29"]

1. e4 e6 2. d4 d5 3. Nc3 Nf6 4. Bg5 Bb4 5. e5 h6 6. Be3 Ne4 7. Qg4 g6 8. Bd3
Bxc3+ 9. bxc3 Nxc3 10. Nf3 c5 11. dxc5 Qa5 12. O-O Nc6 13. Qf4 d4 14. Nxd4 Nd5
15. Nxc6 Qc7 16. Qd4 Nxe3 17. fxe3 Qxc6 18. Be4 Qc7 19. Qd6 Qxd6 20. exd6 f5
21. Bf3 O-O 22. Rab1 e5 23. Bxb7 Bxb7 24. Rxb7 Rac8 25. Rd1 Rxc5 26. Rc7 Rb5
27. c4 Rbb8 28. c5 Rf7 29. c6 1-0

[Event "C.to Italiano U16"]
[Site "Montesilvano ITA"]
[Date "2015.07.03"]
[Round "6"]
[White "Lodici, Lorenzo"]
[Black "Moroni, Luca"]
[WhiteElo "2324"]
[BlackElo "1821"]
[Result "1/2-1/2"]
[PlyCount "29"]
[EventDate "2015.06.29"]

1. d4 d5 2. c4 c6 3. Nc3 Nf6 4. Nf3 e6 5. e3 Nbd7 6. Bd3 a6 7. e4 dxc4 8. Bxc4
c5 9. d5 exd5 10. Nxd5 Nxd5 11. Bxd5 Be7 12. O-O Nf6 13. Bf4 O-O 14. h3 h6 15.
Qd2 1/2-1/2

[Event "C.to Italiano U16"]
[Site "Montesilvano ITA"]
[Date "2015.07.03"]
[Round "6"]
[White "Renzetti, Leonardo"]
[Black "Prete, Alessandro"]
[WhiteElo "2010"]
[BlackElo "1948"]
[Result "1-0"]
[PlyCount "125"]
[EventDate "2015.06.29"]

1. d4 Nf6 2. Nf3 g6 3. c4 Bg7 4. Nc3 O-O 5. e4 d6 6. Be2 e5 7. O-O Nc6 8. d5
Ne7 9. Ne1 Nd7 10. Be3 f5 11. f3 f4 12. Bf2 g5 13. a4 Nf6 14. a5 c5 15. b4 cxb4
16. Nb5 g4 17. Nxa7 Ng6 18. Nxc8 Rxc8 19. Bb6 Qd7 20. Qa4 gxf3 21. Qxd7 Nxd7
22. gxf3 Nxb6 23. axb6 Bf6 24. Ra7 Rf7 25. Ra4 Bd8 26. Rxb4 Nf8 27. Nd3 Nd7 28.
Rfb1 Ra8 29. Kf1 Rg7 30. Nf2 h5 31. Nd1 Ra6 32. c5 dxc5 33. Bxa6 cxb4 34. Bxb7
Nxb6 35. Ba6 Ra7 36. Be2 Be7 37. Rb2 Ra1 38. Kg2 Na4 39. Rd2 Bd6 40. Bb5 b3 41.
Bxa4 Rxa4 42. Kh3 Rd4 43. Rg2+ Kf7 44. Nb2 Ba3 45. Kh4 Bxb2 46. Rxb2 Rd3 47.
Kxh5 Rxf3 48. Kg4 Re3 49. Kf5 Rh3 50. Kxe5 f3 51. Kf4 Ke7 52. Kg4 Rh8 53. Kxf3
Kd6 54. Kf4 Rh4+ 55. Kf5 Rh5+ 56. Kg4 Rh8 57. Rxb3 Rxh2 58. Rh3 Rg2+ 59. Kf4
Rf2+ 60. Ke3 Ra2 61. Rh5 Ra5 62. Kf4 Ra1 63. Rh6+ 1-0

[Event "C.to Italiano U16"]
[Site "Montesilvano ITA"]
[Date "2015.07.03"]
[Round "6"]
[White "Ridolfo, Enrico"]
[Black "Manfroi, Andrea"]
[WhiteElo "1881"]
[BlackElo "2014"]
[Result "0-1"]
[PlyCount "54"]
[EventDate "2015.06.29"]

1. e4 c5 2. b4 cxb4 3. a3 e6 4. axb4 Bxb4 5. c3 Be7 6. d4 d6 7. Bd3 e5 8. Ne2
Nf6 9. O-O O-O 10. Na3 Bd7 11. Nc2 Bc6 12. Ng3 a5 13. Qe2 b6 14. Nf5 Re8 15.
Nxe7+ Qxe7 16. d5 Bb7 17. Ne3 Qc7 18. Ba3 Na6 19. Rfb1 Nc5 20. Nc4 Nxd3 21.
Qxd3 Ba6 22. Bxd6 Qxc4 23. Qe3 Qxe4 24. Qxb6 Nxd5 25. Qxa5 Nf4 26. f3 Qe3+ 27.
Kh1 Qd2 0-1

[Event "C.to Italiano U16"]
[Site "Montesilvano ITA"]
[Date "2015.07.03"]
[Round "6"]
[White "Simonetto, Andrea"]
[Black "Podetti, Davide"]
[WhiteElo "1954"]
[BlackElo "2127"]
[Result "1/2-1/2"]
[PlyCount "89"]
[EventDate "2015.06.29"]

1. d4 Nf6 2. c4 e6 3. Nf3 d5 4. Bg5 Nbd7 5. cxd5 exd5 6. Nc3 c6 7. Qc2 Be7 8.
e3 O-O 9. Bd3 Re8 10. O-O Nf8 11. a3 g6 12. b4 Ne6 13. Bh4 a6 14. Rab1 Ng7 15.
Rfc1 Nf5 16. Bg3 Bd6 17. a4 Nxg3 18. hxg3 b5 19. e4 dxe4 20. Nxe4 Bb7 21. Nc5
Bxc5 22. Qxc5 Nd7 23. Qc3 Qb8 24. a5 Qd6 25. Bc2 Rad8 26. Bb3 Nf6 27. Ne5 Nd5
28. Qf3 f6 29. Ng4 Kg7 30. Bxd5 cxd5 31. Rc7+ Re7 32. Rxe7+ Qxe7 33. Rc1 Rd7
34. Qf4 g5 35. Qf5 Rd6 36. Ne3 Qf7 37. Rc5 Re6 38. Nxd5 Bxd5 39. Rxd5 Re1+ 40.
Kh2 Qh5+ 41. Qh3 Qd1 42. Rd7+ Kf8 43. Rd8+ Kg7 44. Qd7+ Kh6 45. Qh3+ 1/2-1/2

[Event "C.to Italiano U16"]
[Site "Montesilvano ITA"]
[Date "2015.07.03"]
[Round "7"]
[White "Belli, Giorgio"]
[Black "Barp, Alberto"]
[WhiteElo "1914"]
[BlackElo "2180"]
[Result "0-1"]
[PlyCount "68"]
[EventDate "2015.06.29"]

1. e4 c6 2. d4 d5 3. Nc3 dxe4 4. Nxe4 Bf5 5. Ng3 Bg6 6. h4 h6 7. Nf3 Nd7 8. h5
Bh7 9. Bd3 Bxd3 10. Qxd3 e6 11. Bf4 Ngf6 12. c4 Be7 13. O-O-O O-O 14. Ne5 Rc8
15. Qf3 Qa5 16. Kb1 Rfd8 17. Ne2 Qa6 18. Nc3 b5 19. cxb5 cxb5 20. Nxd7 Rxd7 21.
d5 b4 22. dxe6 Qxe6 23. Ne2 Qf5+ 24. Ka1 Rxd1+ 25. Rxd1 Qxh5 26. Qb7 Rc2 27.
Qxe7 Qxe2 28. Qxe2 Rxe2 29. Be3 a5 30. Kb1 Ne4 31. Rd5 a4 32. Rd4 Nxf2 33. Bxf2
Rxf2 34. Rxb4 a3 0-1

[Event "C.to Italiano U16"]
[Site "Montesilvano ITA"]
[Date "2015.07.03"]
[Round "7"]
[White "Manfroi, Andrea"]
[Black "Lodici, Lorenzo"]
[WhiteElo "2014"]
[BlackElo "2324"]
[Result "0-1"]
[PlyCount "60"]
[EventDate "2015.06.29"]

1. e4 c5 2. Nf3 a6 3. c3 e6 4. d4 d5 5. e5 Bd7 6. Bd3 Nc6 7. O-O Qb6 8. Bc2
cxd4 9. cxd4 Nb4 10. Bb3 Bb5 11. Re1 Nd3 12. Re3 Nxc1 13. Qxc1 Ne7 14. Rc3 Bd7
15. a3 Nc6 16. Qf4 Be7 17. Nbd2 O-O 18. Rac1 h6 19. Qg4 Rad8 20. Kh1 f5 21. Qg6
Nxd4 22. Bxd5 Be8 23. Nc4 Qa7 24. Bxe6+ Kh8 25. Qg3 Nxe6 26. Nd6 Bxd6 27. exd6
Qb6 28. Ne5 Qxd6 29. Rd3 Qe7 30. Rxd8 Qxd8 0-1

[Event "C.to Italiano U16"]
[Site "Montesilvano ITA"]
[Date "2015.07.03"]
[Round "7"]
[White "Moroni, Luca"]
[Black "Renzetti, Leonardo"]
[WhiteElo "1821"]
[BlackElo "2010"]
[Result "1/2-1/2"]
[PlyCount "119"]
[EventDate "2015.06.29"]

1. Nf3 Nf6 2. g3 d5 3. Bg2 e6 4. c4 Be7 5. O-O O-O 6. b3 d4 7. e3 c5 8. exd4
cxd4 9. Re1 Nc6 10. Ne5 Nxe5 11. Rxe5 Bd6 12. Re1 e5 13. d3 Re8 14. Ba3 Bxa3
15. Nxa3 Bg4 16. Qd2 Qd7 17. b4 Re7 18. c5 Rae8 19. Nc4 e4 20. Nd6 e3 21. Qb2
exf2+ 22. Qxf2 Re2 23. Qf1 R8e3 24. Rxe2 Bxe2 25. Qf5 Qxf5 26. Nxf5 Rxd3 27.
Bxb7 Bg4 28. Ne7+ Kf8 29. Nc6 Rd2 30. Ne5 Be6 31. Nf3 Rd3 32. b5 Bd5 33. Bxd5
Nxd5 34. Kf2 Rc3 35. c6 Rc2+ 36. Kg1 d3 37. Rd1 Nc7 38. Rxd3 Nxb5 39. a4 Nc7
40. Rd8+ Ne8 41. Nd4 Rc4 42. a5 a6 43. Kf2 Rc5 44. Ra8 Ke7 45. Rxa6 Nc7 46. Ra7
Kd6 47. Ke3 g6 48. h4 h6 49. Kd3 Rd5 50. Rb7 Rxa5 51. Rb8 Ne6 52. Nxe6 fxe6 53.
Ke3 Kxc6 54. Rh8 g5 55. h5 Kd5 56. Rxh6 Ke5 57. Kf3 Kf5 58. Rg6 Ra3+ 59. Kf2
Ra2+ 60. Kg1 1/2-1/2

[Event "C.to Italiano U16"]
[Site "Montesilvano ITA"]
[Date "2015.07.03"]
[Round "7"]
[White "Podetti, Davide"]
[Black "Bin-Suhayl, Ieysaa"]
[WhiteElo "2127"]
[BlackElo "1894"]
[Result "1/2-1/2"]
[PlyCount "149"]
[EventDate "2015.06.29"]

1. d4 d5 2. Nc3 Nf6 3. Bg5 g6 4. Qd2 Bg7 5. f3 c6 6. e4 dxe4 7. fxe4 h6 8. Bh4
Nbd7 9. Nf3 Nb6 10. Be2 Be6 11. O-O Nc4 12. Bxc4 Bxc4 13. Rfe1 O-O 14. b3 Be6
15. Rad1 g5 16. Bf2 Ng4 17. Bg3 Rc8 18. Na4 b6 19. c4 f5 20. exf5 Bxf5 21. Ne5
Nf6 22. Nc3 Nh5 23. Qe3 Nxg3 24. hxg3 Qd6 25. d5 cxd5 26. Rxd5 Qf6 27. Rdd1 e6
28. Nb5 Qxe5 29. Qxe5 Bxe5 30. Rxe5 a6 31. Nc3 Rcd8 32. Rde1 Rd2 33. R1e2 Rfd8
34. b4 R2d4 35. g4 Bxg4 36. R2e4 Bf5 37. Rxd4 Rxd4 38. a3 Rxc4 39. Na4 Rc6 40.
b5 axb5 41. Rxb5 Rc1+ 42. Kh2 Rb1 43. Rxb6 Rxb6 44. Nxb6 Kf7 45. Nc4 Kf6 46.
Kg3 Bd3 47. Nb2 Ba6 48. Kf3 Ke5 49. Ke3 Kf5 50. Na4 Bb7 51. Kf2 e5 52. Nc5 Bc6
53. a4 h5 54. a5 h4 55. a6 e4 56. Ke3 g4 57. Nb3 Ba8 58. Nd4+ Ke5 59. Ne2 h3
60. gxh3 gxh3 61. Kf2 h2 62. Kg2 e3+ 63. Kxh2 Ke4 64. Kg1 Kd3 65. Kf1 Bf3 66.
Ng1 Bc6 67. Ke1 Bb5 68. a7 Bc6 69. Ne2 Bf3 70. Nf4+ Kc4 71. Ne6 Kb5 72. Nd4+
Kb6 73. Nxf3 Kxa7 74. Ke2 Kb6 75. Kxe3 1/2-1/2

[Event "C.to Italiano U16"]
[Site "Montesilvano ITA"]
[Date "2015.07.03"]
[Round "7"]
[White "Varriale, Luca"]
[Black "Carnicelli, Valerio"]
[WhiteElo "2164"]
[BlackElo "2162"]
[Result "0-1"]
[PlyCount "136"]
[EventDate "2015.06.29"]

1. d4 d5 2. c4 c6 3. Nc3 Nf6 4. Nf3 e6 5. e3 Nbd7 6. Qc2 Bd6 7. b3 O-O 8. Bd3
Re8 9. O-O dxc4 10. bxc4 e5 11. Bb2 Qe7 12. Nd2 Nf8 13. Nde4 exd4 14. exd4 Nxe4
15. Nxe4 Bf5 16. Nf6+ Qxf6 17. Bxf5 Re7 18. Rae1 Rae8 19. Rxe7 Qxe7 20. g3 Ng6
21. Bc3 Qc7 22. Re1 Rxe1+ 23. Bxe1 Qe7 24. Qe4 Qxe4 25. Bxe4 Ne7 26. h4 f5 27.
Bc2 Kf7 28. Kg2 g6 29. Bd2 Nc8 30. Be3 Ne7 31. Kf3 Bc7 32. Bb3 c5 33. Ba4 Nc6
34. dxc5 Ke6 35. Ke2 Be5 36. Kd2 Bd4 37. Bd1 Bxe3+ 38. Kxe3 Ne5 39. Be2 Nd7 40.
Kd4 Ne5 41. h5 g5 42. Bf1 Nc6+ 43. Ke3 Ke5 44. f4+ gxf4+ 45. gxf4+ Kf6 46. Bg2
h6 47. Bd5 Ke7 48. Kd3 Kd7 49. Kc3 Ke7 50. Kb3 Kd7 51. Ka4 Kc7 52. Be6 Nd4 53.
Bd5 Ne2 54. Kb4 Nxf4 55. Bf3 Ne6 56. Kc3 a5 57. Bd5 Nxc5 58. Kd4 Kd6 59. Bg2 b6
60. Bf3 Ne6+ 61. Kd3 Ke5 62. Kc3 Nc5 63. Bg2 f4 64. Bf3 Ne6 65. Bg4 Nd4 66. Kd3
Nc6 67. a3 Nd8 68. a4 Nb7 0-1

[Event "C.to Italiano U16"]
[Site "Montesilvano ITA"]
[Date "2015.07.03"]
[Round "7"]
[White "Yao, Stefano"]
[Black "Simonetto, Andrea"]
[WhiteElo "2252"]
[BlackElo "1954"]
[Result "1/2-1/2"]
[PlyCount "62"]
[EventDate "2015.06.29"]

1. d4 d6 2. e4 Nd7 3. Nc3 Ngf6 4. Nf3 e5 5. Bc4 Be7 6. O-O O-O 7. Re1 h6 8. a4
c6 9. a5 a6 10. h3 Qc7 11. b3 Rd8 12. Bb2 Nf8 13. Bf1 Ng6 14. d5 Nh7 15. b4 f5
16. exf5 Bxf5 17. Na4 Rf8 18. Nb6 Rae8 19. c4 Ng5 20. Nxg5 Bxg5 21. c5 Rd8 22.
dxc6 bxc6 23. cxd6 Rxd6 24. Qb3+ Kh8 25. Bc1 Bxc1 26. Raxc1 Nf4 27. Nc4 Rg6 28.
Nxe5 Rg5 29. Kh1 Bxh3 30. gxh3 Rxe5 31. Rxe5 Qxe5 1/2-1/2

[Event "C.to Italiano U16"]
[Site "Montesilvano ITA"]
[Date "2015.07.04"]
[Round "8"]
[White "Bin-Suhayl, Ieysaa"]
[Black "Yao, Stefano"]
[WhiteElo "1894"]
[BlackElo "2252"]
[Result "1/2-1/2"]
[PlyCount "135"]
[EventDate "2015.06.29"]

1. e4 c5 2. Nf3 d6 3. d4 cxd4 4. Nxd4 Nf6 5. Nc3 Nc6 6. Be2 e5 7. Nb3 Be7 8.
O-O O-O 9. Be3 a5 10. f3 a4 11. Nd2 a3 12. b3 Rb8 13. Ndb1 d5 14. Nxd5 Nxd5 15.
exd5 Nd4 16. c4 Bc5 17. Nd2 f5 18. Kh1 Qb6 19. Bg1 Bd7 20. Rb1 Qb4 21. Re1 Rf6
22. Bd3 Re8 23. Nf1 Rh6 24. Ng3 Bd6 25. Bxd4 exd4 26. Rxe8+ Bxe8 27. Qe2 Bf7
28. Nf1 g6 29. h3 Kg7 30. Rc1 b6 31. Qf2 Qc5 32. Rb1 Be5 33. b4 Qe7 34. Qe1 Qf6
35. Qc1 g5 36. Be2 d3 37. Bxd3 g4 38. fxg4 fxg4 39. Qe3 Bf4 40. Qe2 Rh4 41. g3
Rxh3+ 42. Kg2 Rh6 43. Qxg4+ Bg5 44. Ne3 Kh8 45. Rf1 Qb2+ 46. Rf2 Rh2+ 47. Kxh2
Qxf2+ 48. Ng2 Bf6 49. Qf4 Qb2 50. Qf5 Kg7 51. Qxh7+ Kf8 52. Qh6+ Ke7 53. Qe3+
Kf8 54. Qh6+ Ke7 55. Qe3+ Kf8 56. Qxb6 Kg7 57. d6 Qxa2 58. d7 Qb2 59. d8=Q Bxd8
60. Qxd8 a2 61. Qg5+ Kf8 62. Qd8+ Kg7 63. Qg5+ Kf8 64. Qh6+ Ke7 65. Qg5+ Kf8
66. Qd8+ Kg7 67. Qg5+ Kf8 68. Qd8+ 1/2-1/2

[Event "C.to Italiano U16"]
[Site "Montesilvano ITA"]
[Date "2015.07.04"]
[Round "8"]
[White "Carnicelli, Valerio"]
[Black "Moroni, Luca"]
[WhiteElo "2162"]
[BlackElo "1821"]
[Result "0-1"]
[PlyCount "158"]
[EventDate "2015.06.29"]

1. e4 c5 2. Nf3 d6 3. d4 Nf6 4. Nc3 cxd4 5. Nxd4 a6 6. f3 e6 7. Be3 b5 8. Qd2
Bb7 9. O-O-O Nbd7 10. g4 Nb6 11. g5 Nfd7 12. Bd3 Rc8 13. Kb1 Ne5 14. Qe1 Nbc4
15. Bc1 Qa5 16. f4 Nxd3 17. cxd3 Na3+ 18. bxa3 Qxc3 19. Qxc3 Rxc3 20. Bb2 Rc8
21. Rc1 Rxc1+ 22. Rxc1 Kd7 23. Nb3 Rg8 24. a4 bxa4 25. Na5 Ba8 26. Nc4 Bc6 27.
Ba3 h6 28. Nb6+ Kc7 29. Nc4 d5 30. Ne5 Bxa3 31. Rxc6+ Kb7 32. Rc3 Bd6 33. exd5
exd5 34. d4 f6 35. Nd3 fxg5 36. fxg5 hxg5 37. Nc5+ Ka7 38. h3 Rb8+ 39. Kc2 Rb4
40. Ne6 Bf4 41. Rf3 Rb6 42. Nxf4 Rf6 43. Rg3 gxf4 44. Rxg7+ Kb6 45. Rg2 Kb5 46.
Kc3 Rc6+ 47. Kb2 Rh6 48. Rf2 Rxh3 49. Rxf4 a3+ 50. Kc2 Kc4 51. Rf2 a5 52. Rg2
a4 53. Rf2 Re3 54. Kd2 Rd3+ 55. Kc2 Rg3 56. Rh2 Kxd4 57. Rh4+ Ke3 58. Rxa4 Rg2+
59. Kb3 Rb2+ 60. Kxa3 Rb8 61. Ra7 d4 62. Re7+ Kd2 63. Ka4 d3 64. a3 Kc2 65.
Rc7+ Kb2 66. Rh7 d2 67. Rd7 Kc1 68. Rc7+ Kb1 69. Rd7 Kc1 70. Rc7+ Kb1 71. Rd7
Rb2 72. Ka5 Kc1 73. a4 d1=Q 74. Rxd1+ Kxd1 75. Ka6 Kc2 76. a5 Kc3 77. Ka7 Kc4
78. a6 Kc5 79. Ka8 Kb6 0-1

[Event "C.to Italiano U16"]
[Site "Montesilvano ITA"]
[Date "2015.07.04"]
[Round "8"]
[White "Landi, Alberto"]
[Black "Manfroi, Andrea"]
[WhiteElo "1867"]
[BlackElo "2014"]
[Result "1/2-1/2"]
[PlyCount "112"]
[EventDate "2015.06.29"]

1. e4 c5 2. c3 e6 3. d4 cxd4 4. cxd4 Nf6 5. e5 Nd5 6. Nf3 d6 7. Bc4 Nb6 8. Bb3
d5 9. O-O Be7 10. Nc3 Bd7 11. Be3 a6 12. Re1 Nc6 13. Na4 Nxa4 14. Bxa4 h6 15.
Bc2 Qb6 16. b3 Ba3 17. Bc1 Bb4 18. Re3 Rc8 19. Bb2 Be7 20. Rc1 O-O 21. Bb1 Na7
22. Rec3 Rxc3 23. Bxc3 Nb5 24. Qd3 g6 25. Bd2 Kg7 26. Qe3 Rh8 27. Bd3 Na7 28.
Qe2 Bb5 29. Be3 Bxd3 30. Qxd3 Nc6 31. Qd2 Bb4 32. Qd3 Ba3 33. Rd1 Be7 34. h3
Qa5 35. Ra1 Ba3 36. Bd2 Qb6 37. Bc1 Nb4 38. Qd2 Qa5 39. Bb2 Rc8 40. Bc3 Qb6 41.
Ne1 a5 42. Bb2 Bxb2 43. Qxb2 Qb5 44. Rd1 Qc6 45. a3 Na6 46. g3 b5 47. Kg2 b4
48. a4 Qc7 49. Kg1 Qb6 50. Nf3 Rc3 51. Kg2 Qc6 52. Ne1 Qc8 53. Kg1 Qc7 54. Kg2
Nb8 55. Kg1 Nd7 56. Kg2 Qc8 1/2-1/2